Регионална библиотека "Любен Каравелов" - Русе

Приказките на Братя Грим (Запис номер 323390)

MARC детайли
000 -Лидер
Контролно поле с фиксирана дължина 02093aam a2200289 a 4500
003 - Код на организацията, давaща контролен номер
Контролно поле BLK
005 - Дата и час на последна редакция
Контролно поле 20230610162633.0
008 - Елементи от данни с фиксирана дължина
fixed length control field 180731b bul||||| |||| 00| 0 bul d
020 ## - Международен стандартен номер на книга ISBN
Международен стандартен номер на книга ISBN 978-619-191-404-3
040 ## - Източник на каталожния запис
Идентификатор на билиотеката - собственик на записа BLK
041 ## - Код за език
Код за езика на текст/звукозапис или на отделно заглавие Български
Код за езика КДБФ Български
080 ## - УДК
Текстов определител УДК Българска литература
УДК код - определител по УДК 821.163.2
УДК определител -93-91
УДК - код + определител 821.163.2-93-91
139 ## - Редно поле
Редна дума Приказките на Братя Грим
Авторски знак При - П 87
245 ## - Сведения за заглавието
Заглавие Приказките на Братя Грим
Подзаглавни данни Книга за ученика
Редно поле (дума) [адапт. на текст Боряна Робертова] ; [състав. Лидия Мишева]
257 ## - Страна на издаване
Страна на създаване/издаване България
260 ## - Област на издателските данни
Място на издаване, разпространение и проч. София
Година на издаване 2017
9 (RLIN) 219425
Име на издателя, разпространителя и проч. Арт Етърнал Дистрибушън
300 ## - Физическа характеристика
Страници 191 с.
Размери/Мащаб 21 см
380 ## - Жанр
Жанр Детска худож. лит.
500 ## - Общи забележки
Забележка Сведения за авт. отговорност отбелязани на гърба на предзагл. с. - Съдържа: Рапунцел ; Снежанка ; Вълкът и седемте козлета ; Хензел и Гретел ; Бременските градски музиканти ; Храбрият шивач ; Белоснежка и Червенорозка ; Жабокът-цар и Железният Хайнрих ; Цар Дроздобрад ; Баба Хола ; Златната гъска ; Сламка, въгленче и бобче ; Скъсаните пантофки ; Братче и сестриче ; Сложи-масичка ; Лисицата и котката ; Вълкът и лисицата ; Румпелщилцхен ; Старият Султан ; Сладката каша ; Кристалната топка ; Пепеляшка ; Спящата красавица ; Червената шапчица ; Котаракът в чизми
700 ## - Други автори (авторска отговорност)
9 (RLIN) 421
Лично име Робертова, Боряна Любомирова
Автороска отговорност (Описва отношението между автора и произведението) адапт.
700 ## - Други автори (авторска отговорност)
9 (RLIN) 1478
Лично име Мишева, Лидия Георгиева
Автороска отговорност (Описва отношението между автора и произведението) състав.
852 ## - Местоположение
Форматна сигнатура Цб 289535
Фондова буква Хранилище
856 ## - Електронен адрес и достъп
Инструкция (цена за достъп) 0.00
Права за достъп disable
999 ## - СИСТЕМНИ КОНТРОЛНИ НОМЕРА
Koha biblionumber 323390
Koha biblioitemnumber 323390
942 ## - АРТИКУЛИ
Вид на библиотечния материал Книги
Източник на класификационната схема Universal Decimal Classification
Скрит в OPAC Не
Периодичен библиозапис Да
Koha issues (borrowed), all copies 2
944 ## - СЪЗДАВАНЕ И РЕДАКЦИЯ на ЗАПИСА
Създаване/Редакция Редакция
Дата на регистрацията/редакция 2018-07-31
999 ## - СИСТЕМНИ КОНТРОЛНИ НОМЕРА
Koha biblioitemnumber 323390
Наличности
Код за отписване Код за изгубен артикул Източник на класификационната схема Код за повреда Коз за рестрикции Код за отдаване Артикулен № Име на библиотеката - собственик Име на библиотеката, в която се намира в момента Статус (Текущо местоположение) Дата на вписване в системата Местоположение - отдел Цена в лева Инвентарен номер Систематично азбучна сигнатура Баркод Цена в евро Служебен тип на артикула
  Не е изгубен Universal Decimal Classification Не е повреден само за читалня ползва се в читалня 678500 Регионална библиотека "Любен Каравелов" Русе Регионална библиотека "Любен Каравелов" Русе Хранилище 2018-07-19 Хранилище 7.00 120000820986 Цб 289535 120000820986 3.58 Книги
  Не е изгубен Universal Decimal Classification Не е повреден без рестрикции заемане за дома 925736 Регионална библиотека "Любен Каравелов" Русе Регионална библиотека "Любен Каравелов" Русе Детски отдел 2023-03-29 Детски отдел 7.00 120000884841 821.163.2-93/П 87 120000884841 3.58 Книги
Vip Innovations Ltd, Rousse, Bulgaria 2025